[Event "Bogota Region Univ Ascun-A"]
[Site "Bogota"]
[Date "2016.03.12"]
[Round "3.10"]
[White "Pardo, Javier Andres"]
[Black "Rudas, Jorge"]
[Result "1-0"]
[WhiteElo "1931"]
[BlackElo "1600"]
[PlyCount "58"]
[EventDate "2016.03.11"]
[EventType "swiss"]
[EventRounds "7"]
[EventCountry "COL"]
[SourceTitle "EXT 2024"]
[Source "ChessBase"]
[SourceDate "2023.10.10"]
[SourceVersion "1"]
[SourceVersionDate "2023.10.10"]
[SourceQuality "1"]

1. e4 c5 2. Nf3 e6 3. d4 cxd4 4. Nxd4 Nc6 5. Nb5 d6 6. Bf4 e5 7. Be3 Nf6 8. f3 Be6 9. Nd2 d5 10. Bg5 Be7 11. Bxf6 Bxf6 12. exd5 Bxd5 13. Ne4 0-0 14. Nxf6+ gxf6 15. Bd3 Nb4 16. a3 Nxd3+ 17. Qxd3 Be6 18. Nd6 Qe7 19. Nf5 Bxf5 20. Qxf5 Qe6 21. Qxe6 fxe6 22. 0-0-0 Rfd8 23. Rhe1 Kf7 24. Re4 Rxd1+ 25. Kxd1 Rd8+ 26. Ke2 Rd4 27. Rxd4 exd4 28. Kd3 e5 29. Ke4 Kg6 1-0

[Event "COL-ch U26"]
[Site "Cali"]
[Date "2014.10.21"]
[Round "5"]
[White "Pardo, Javier Andres"]
[Black "Valle, Leiner Efrain"]
[Result "0-1"]
[WhiteElo "1931"]
[BlackElo "2120"]
[PlyCount "50"]
[EventDate "2014.10.19"]
[EventType "swiss"]
[EventRounds "6"]
[EventCountry "COL"]
[SourceTitle "EXT 2015"]
[Source "ChessBase"]
[SourceDate "2014.11.20"]
[SourceVersion "1"]
[SourceVersionDate "2014.11.20"]
[SourceQuality "1"]

1. e4 c5 2. Nf3 d6 3. d4 cxd4 4. Nxd4 Nf6 5. Nc3 a6 6. f3 e5 7. Nb3 Be7 8. Be3 Be6 9. Qd2 0-0 10. 0-0-0 Qc7 11. g4 Nbd7 12. h4 b5 13. h5 b4 14. Nd5 Bxd5 15. exd5 Rfc8 16. Kb1 a5 17. g5 a4 18. Nc1 Nxd5 19. Qxd5 Qxc2+ 20. Ka1 a3 21. bxa3 Qc3+ 22. Kb1 bxa3 23. Qd2 Rcb8+ 24. Nb3 Rxb3+ 25. axb3 a2+ 0-1

[Event "Bogota McGregor op 4th"]
[Site "Bogota"]
[Date "2013.12.07"]
[Round "6"]
[White "Pardo, Javier Andres"]
[Black "Alarcon Casellas, Rolando"]
[Result "0-1"]
[WhiteElo "1947"]
[BlackElo "2438"]
[PlyCount "68"]
[EventDate "2013.12.04"]
[EventType "swiss"]
[EventRounds "9"]
[EventCountry "COL"]
[SourceTitle "CBM 157 Extra"]
[Source "ChessBase"]
[SourceDate "2013.12.19"]
[SourceVersion "1"]
[SourceVersionDate "2013.12.19"]
[SourceQuality "1"]

1. e4 c5 2. Nf3 e6 3. d4 cxd4 4. Nxd4 a6 5. Nc3 Nc6 6. Be3 Nf6 7. Bd3 Qc7 8. 0-0 Ne5 9. h3 d6 10. f4 Nc4 11. Bxc4 Qxc4 12. Qd3 Qxd3 13. cxd3 Be7 14. Rf3 Nd7 15. Nde2 b5 16. b4 Bb7 17. a3 0-0 18. g4 Rfc8 19. Rc1 h6 20. Rff1 g5 21. Ng3 gxf4 22. Bxf4 Ne5 23. Bxe5 dxe5 24. Nge2 Bg5 25. Rcd1 Rc7 26. a4 Rac8 27. axb5 Rxc3 28. Nxc3 Rxc3 29. bxa6 Bxa6 30. Rf3 Rb3 31. Ra1 Bb7 32. Raf1 Bf4 33. d4 Rxf3 34. Rxf3 Bxe4 0-1

[Event "Bogota McGregor op 4th"]
[Site "Bogota"]
[Date "2013.12.07"]
[Round "7"]
[White "Silva, Julio Armando"]
[Black "Pardo, Javier Andres"]
[Result "1/2-1/2"]
[WhiteElo "1702"]
[BlackElo "1947"]
[PlyCount "79"]
[EventDate "2013.12.04"]
[EventType "swiss"]
[EventRounds "9"]
[EventCountry "COL"]
[SourceTitle "CBM 157 Extra"]
[Source "ChessBase"]
[SourceDate "2013.12.19"]
[SourceVersion "1"]
[SourceVersionDate "2013.12.19"]
[SourceQuality "1"]

1. d4 Nf6 2. e3 e6 3. Bd3 c5 4. c3 d5 5. f4 Nc6 6. Nf3 Bd6 7. 0-0 0-0 8. Qe2 h6 9. Ne5 Nd7 10. Nd2 c4 11. Bc2 Bxe5 12. fxe5 f6 13. exf6 Nxf6 14. e4 e5 15. exd5 Qxd5 16. dxe5 Nxe5 17. Be4 Qc5+ 18. Qf2 Nxe4 19. Nxe4 Rxf2 20. Nxc5 Rxf1+ 21. Kxf1 Nd3 22. Ne4 Bg4 23. Nd6 Rf8+ 24. Kg1 Be2 25. Be3 Nxb2 26. Re1 Bh5 27. Nxb7 Re8 28. Bf2 Rb8 29. Re7 Nd3 30. Bd4 Bf7 31. Bxa7 Ra8 32. Nd6 Bd5 33. Re8+ Rxe8 34. Nxe8 Nc1 35. Kf2 Nxa2 36. Bd4 Nc1 37. Nxg7 Nd3+ 38. Kf1 Nf4 39. g3 Ne6 40. Nxe6 1/2-1/2

[Event "Bogota McGregor op 4th"]
[Site "Bogota"]
[Date "2013.12.06"]
[Round "5"]
[White "Aguirre Reyes, Jorge Alberto"]
[Black "Pardo, Javier Andres"]
[Result "0-1"]
[WhiteElo "1713"]
[BlackElo "1947"]
[PlyCount "54"]
[EventDate "2013.12.04"]
[EventType "swiss"]
[EventRounds "9"]
[EventCountry "COL"]
[SourceTitle "CBM 157 Extra"]
[Source "ChessBase"]
[SourceDate "2013.12.19"]
[SourceVersion "1"]
[SourceVersionDate "2013.12.19"]
[SourceQuality "1"]

1. d4 Nf6 2. c4 e6 3. Nf3 Bb4+ 4. Bd2 Qe7 5. a3 Bxd2+ 6. Nbxd2 b6 7. g3 Bb7 8. Bg2 0-0 9. 0-0 c5 10. Rc1 d5 11. cxd5 exd5 12. dxc5 bxc5 13. e3 Nbd7 14. Qa4 Rfe8 15. Rc2 Qd6 16. Rfc1 Nb6 17. Qa5 Nbd7 18. Nb3 Qb6 19. Qc3 Ne4 20. Qd3 Ba6 21. Qxd5 Ndf6 22. Qf5 Qxb3 23. Ng5 g6 24. Nxe4 Nxe4 25. Qf4 Bd3 26. Rxc5 Nxc5 27. Bxa8 Rxa8 0-1

[Event "Bogota Region-ch U17"]
[Site "Bogota"]
[Date "2010.04.10"]
[Round "2.1"]
[White "Pardo, Javier Andres"]
[Black "Camargo, Santiago"]
[Result "0-1"]
[WhiteElo "1997"]
[BlackElo "2074"]
[PlyCount "51"]
[EventDate "2010.04.09"]
[EventType "swiss"]
[EventRounds "6"]
[EventCountry "COL"]
[SourceTitle "EXT 2024"]
[Source "ChessBase"]
[SourceDate "2023.10.10"]
[SourceVersion "1"]
[SourceVersionDate "2023.10.10"]
[SourceQuality "1"]

1. e4 d6 2. Nf3 e6 3. d4 Nf6 4. Nc3 a6 5. Be3 b5 6. Qd2 c5 7. 0-0-0 cxd4 8. Nxd4 Bb7 9. f3 Nbd7 10. g4 h6 11. h4 b4 12. Na4 Qa5 13. b3 Nc5 14. a3 Nxa4 15. axb4 Qc7 16. bxa4 d5 17. e5 Nd7 18. f4 Nb6 19. f5 Nxa4 20. fxe6 Nc3 21. exf7+ Kxf7 22. e6+ Kg8 23. Nf5 Bxb4 24. Qd4 Ba3+ 25. Kd2 Ne4+ 26. Kd3 0-1

[Event "COL-ch U16"]
[Site "Bogota"]
[Date "2010.03.30"]
[Round "4.1"]
[White "Pardo, Javier Andres"]
[Black "Jaramillo Ochoa, Mateo"]
[Result "0-1"]
[WhiteElo "1997"]
[BlackElo "1977"]
[PlyCount "39"]
[EventDate "2010.03.29"]
[EventType "swiss"]
[EventRounds "8"]
[EventCountry "COL"]
[SourceTitle "EXT 2024"]
[Source "ChessBase"]
[SourceDate "2023.10.10"]
[SourceVersion "1"]
[SourceVersionDate "2023.10.10"]
[SourceQuality "1"]

1. e4 c5 2. Nf3 Nc6 3. d4 cxd4 4. Nxd4 Nf6 5. Nc3 e5 6. Ndb5 d6 7. Bg5 a6 8. Na3 b5 9. Nd5 Be7 10. Bxf6 Bxf6 11. c3 Bg5 12. Nc2 Rb8 13. b4 Nxb4 14. a4 f5 15. Bd3 Be3 16. exf5 e4 17. Be2 Qh4 18. g3 Qg5 19. Qd2 Qf6 20. Qd4 0-1

[Event "Bogota Region-ch U16"]
[Site "Bogota"]
[Date "2010.03.06"]
[Round "4.11"]
[White "Jimenez, Leonardo Andres"]
[Black "Pardo, Javier Andres"]
[Result "0-1"]
[WhiteElo "1910"]
[BlackElo "1997"]
[PlyCount "25"]
[EventDate "2010.03.05"]
[EventType "swiss"]
[EventRounds "6"]
[EventCountry "COL"]
[SourceTitle "EXT 2024"]
[Source "ChessBase"]
[SourceDate "2023.10.10"]
[SourceVersion "1"]
[SourceVersionDate "2023.10.10"]
[SourceQuality "1"]

1. e4 c5 2. d4 cxd4 3. c3 d5 4. exd5 Qxd5 5. cxd4 Nc6 6. Nf3 e5 7. Nc3 Bb4 8. Bd2 Bxc3 9. Bxc3 e4 10. Ne5 Nxe5 11. dxe5 Qxd1+ 12. Rxd1 a6 13. Ba5 0-1

[Event "Pan American-ch Schools U15"]
[Site "Columbia"]
[Date "2009.10.08"]
[Round "3"]
[White "Pardo, Javier Andres"]
[Black "Hernandez Sanchez, Jairo Andres"]
[Result "0-1"]
[WhiteElo "2003"]
[BlackElo "2063"]
[PlyCount "44"]
[EventDate "2009.10.07"]
[EventType "rapid"]
[EventRounds "7"]
[EventCountry "COL"]
[SourceTitle "CBM 132 Extra"]
[Source "ChessBase"]
[SourceDate "2009.11.03"]
[SourceVersion "1"]
[SourceVersionDate "2009.11.03"]
[SourceQuality "1"]

1. e4 c5 2. Nf3 Nc6 3. d4 cxd4 4. Nxd4 g6 5. Nc3 Bg7 6. Be3 Nf6 7. f3 0-0 8. Qd2 d5 9. 0-0-0 dxe4 10. Nxc6 Qxd2+ 11. Rxd2 bxc6 12. Nxe4 Nd5 13. Bg5 f6 14. c4 fxg5 15. cxd5 cxd5 16. Rxd5 g4 17. fxg4 Bb7 18. Bc4 e6 19. Rc5 Bxe4 20. Bxe6+ Kh8 21. Bd5 Bh6+ 22. Kd1 Rad8 0-1

[Event "Bogota School U15"]
[Site "Bogota"]
[Date "2009.02.21"]
[Round "7.4"]
[White "Pardo, Javier Andres"]
[Black "Pachon Gutierrez, Adriana Paola"]
[Result "1-0"]
[WhiteElo "1989"]
[BlackElo "2006"]
[PlyCount "65"]
[EventDate "2009.02.19"]
[EventType "swiss"]
[EventRounds "7"]
[EventCountry "COL"]
[SourceTitle "EXT 2024"]
[Source "ChessBase"]
[SourceDate "2023.10.10"]
[SourceVersion "1"]
[SourceVersionDate "2023.10.10"]
[SourceQuality "1"]

1. e4 e5 2. Nf3 Nc6 3. Bb5 Nge7 4. 0-0 g6 5. Nc3 Bg7 6. Re1 0-0 7. d3 d6 8. Be3 Kh8 9. h3 f5 10. Bg5 Bd7 11. Nd5 h6 12. Bxc6 hxg5 13. Nxe7 Qxe7 14. Bxd7 Qxd7 15. Nxg5 Bh6 16. Nf3 f4 17. d4 Qe7 18. dxe5 dxe5 19. Qd5 Bg7 20. Qxb7 Qc5 21. Qd5 Qxd5 22. exd5 Rfe8 23. Re4 Rab8 24. b3 Rbd8 25. c4 Rd7 26. Rae1 Rde7 27. c5 Kh7 28. Ng5+ Kg8 29. g3 fxg3 30. f4 Bf6 31. Ne6 exf4 32. Rxf4 Bc3 33. Re2 1-0

[Event "Bogota School U15"]
[Site "Bogota"]
[Date "2009.02.19"]
[Round "2.6"]
[White "Abril Bernal, Jhonatan"]
[Black "Pardo, Javier Andres"]
[Result "0-1"]
[WhiteElo "2036"]
[BlackElo "1989"]
[PlyCount "62"]
[EventDate "2009.02.19"]
[EventType "swiss"]
[EventRounds "7"]
[EventCountry "COL"]
[SourceTitle "EXT 2024"]
[Source "ChessBase"]
[SourceDate "2023.10.10"]
[SourceVersion "1"]
[SourceVersionDate "2023.10.10"]
[SourceQuality "1"]

1. e4 c5 2. Nf3 d6 3. h3 Nf6 4. Nc3 a6 5. d4 cxd4 6. Nxd4 e5 7. Nf3 Be6 8. Bd3 Be7 9. Be3 Nc6 10. 0-0 0-0 11. Re1 b5 12. Ne2 Nb4 13. a3 Nc6 14. Ng3 d5 15. Rb1 Qc7 16. Qe2 Rad8 17. a4 dxe4 18. Nxe4 Nxe4 19. Bxe4 f5 20. Bxc6 Bc4 21. Bb6 Qxb6 22. Qxe5 Bf6 23. Qxf5 Qxc6 24. axb5 axb5 25. b3 Bd5 26. Ng5 Bxg5 27. Qxg5 Qxc2 28. Rbd1 Qxf2+ 29. Kh1 h6 30. Qg4 Bxb3 31. Rxd8 Qxe1+ 0-1

[Event "COL-ch U18"]
[Site "Bogota"]
[Date "2008.12.21"]
[Round "6.9"]
[White "Pardo, Javier Andres"]
[Black "Ayala, Mateo"]
[Result "0-1"]
[WhiteElo "2046"]
[BlackElo "2043"]
[PlyCount "68"]
[EventDate "2008.12.18"]
[EventType "swiss"]
[EventRounds "7"]
[EventCountry "COL"]
[SourceTitle "EXT 2024"]
[Source "ChessBase"]
[SourceDate "2023.10.10"]
[SourceVersion "1"]
[SourceVersionDate "2023.10.10"]
[SourceQuality "1"]

1. e4 c5 2. Nf3 d6 3. d4 cxd4 4. Nxd4 Nf6 5. Nc3 a6 6. f3 e6 7. Be3 b5 8. Qd2 Nbd7 9. 0-0-0 Bb7 10. a3 Qc7 11. Kb1 Ne5 12. g4 Nc4 13. Bxc4 Qxc4 14. h4 Rb8 15. Nb3 Ba8 16. h5 h6 17. Ba7 Rc8 18. Qe3 Nd7 19. f4 Be7 20. Rhe1 Bf6 21. Rd3 Ke7 22. e5 dxe5 23. fxe5 Nxe5 24. Bc5+ Rxc5 25. Rd4 Rc7 26. Rxc4 Nxc4 27. Qg3 Rhc8 28. Ne4 Bxe4 29. Rxe4 Nxb2 30. Nd4 Na4 31. c4 Kf8 32. Ne2 bxc4 33. Kc2 e5 34. Nc3 Nb6 0-1

[Event "Bogota Novatos U20"]
[Site "Bogota"]
[Date "2008.05.25"]
[Round "6.5"]
[White "Jimenez, Leonardo Andres"]
[Black "Pardo, Javier Andres"]
[Result "0-1"]
[WhiteElo "1430"]
[BlackElo "2101"]
[PlyCount "98"]
[EventDate "2008.05.23"]
[EventType "swiss"]
[EventRounds "7"]
[EventCountry "COL"]
[SourceTitle "EXT 2024"]
[Source "ChessBase"]
[SourceDate "2023.10.10"]
[SourceVersion "1"]
[SourceVersionDate "2023.10.10"]
[SourceQuality "1"]

1. e4 c5 2. d4 cxd4 3. c3 d5 4. exd5 Qxd5 5. Nf3 Nc6 6. cxd4 e5 7. Nc3 Bb4 8. Bd2 Bxc3 9. Bxc3 Bg4 10. Be2 Bxf3 11. Bxf3 e4 12. Be2 Rd8 13. 0-0 a6 14. Qd2 Nge7 15. b3 b5 16. f3 Nxd4 17. fxe4 Nxe2+ 18. Qxe2 Qc5+ 19. Qf2 Qxf2+ 20. Rxf2 0-0 21. Bb4 Rfe8 22. Raf1 f6 23. Re1 Nc6 24. Bc5 Ne5 25. Rc2 Rc8 26. b4 a5 27. a3 axb4 28. axb4 Nd3 29. Ree2 Re5 30. Bd6 Rxc2 31. Rxc2 Rxe4 32. Rc8+ Kf7 33. Rc7+ Kg6 34. h3 Nxb4 35. Bf8 h5 36. Rxg7+ Kf5 37. Rb7 Nd3 38. Rxb5+ Re5 39. Rb1 Ke4 40. Rf1 f5 41. Bg7 Re8 42. Ra1 Kf4 43. Bh6+ Kg3 44. Bd2 Re2 45. Ba5 Rxg2+ 46. Kf1 Kxh3 47. Ra3 Rg3 48. Bc7 Re3 49. Ba5 f4 0-1